000 00643nam a2200241 i 4500
001 C2-0267890
003 PPAK
005 20180727234958.0
008 060808s1984 xxka|||| ||||| | eng d
020 _a072149515X
040 _aPPAK
_beng
_cPPAK
_erda
082 0 4 _a001.6404
_223
090 0 0 _a001.6404
_bSMI
_dG
100 1 _aSmith, John,
_eauthor
245 1 0 _aMicro Knowledge
264 1 _aLoughborough :
_bLadybird ,
_c1984
300 _a32 pages :
_bcolour illustrations ;
_c18 cm
336 _2rdacontent
_atext
337 _2rdamedia
_aunmediated
338 _2rdacarrier
_avolume
650 1 0 _aMicro Knowledge
942 _ddc
_cB
999 _c76792
_d76792